Robert Rodriguez Actors - Sudden Death - Statistics

General Stats
  • This quiz has been taken 23 times
  • The average score is 11 of 20
Answers on the Grid
Answers color-coded by a green-red scale on the quiz's grid according to % correct below.
Danny Trejo
Lady Gaga
Salma Hayek
Mel Gibson
Letitia Wright
Ben Affleck
Jennifer Connelly
Rupert Grint
Michael Madsen
Sean Astin
Robert De Niro
Tom Hanks
Bruce Willis
Christopher Lloyd
Mahershala Ali
Fred Williamson
Steven Seagal
Quentin Tarantino
Verne Troyer
Vincent D'Onofrio
Christoph Waltz
Jim Beaver
Steve Buscemi
Tom Savini
Kevin Hart
Natalia Tena
Jessica Alba
Rosa Salazar
Bob Odenkirk
Antonio Banderas
 
Answer Stats
Answer % Correct
Antonio Banderas
95%
Salma Hayek
95%
Quentin Tarantino
90%
Danny Trejo
85%
Jessica Alba
85%
Bruce Willis
60%
Lady Gaga
60%
Steve Buscemi
60%
Michael Madsen
55%
Robert De Niro
50%
Mahershala Ali
45%
Rosa Salazar
45%
Tom Savini
45%
Christoph Waltz
35%
Mel Gibson
35%
Steven Seagal
35%
Fred Williamson
25%
Jennifer Connelly
25%
Ben Affleck
20%
Christopher Lloyd
10%
No matching quizzes found
Score Distribution
Percent of People with Each Score
Percentile by Number Answered
Your Score History
You have not taken this quiz